00548nam a2200181 i 450000100060000000300090000600500170001500700030003200800410003510000180007624500700009426000690016430000280023349000320026170000180029383000320031185200230034331469ES-MaACL20230906154402.0t|030129s1905 fr ||||1| fre d1 aBeauverie, J.13aLe bois / cpar J. Beauverie ; avec un préface de M. Daubrés. aParís : bGauthier-Villars, c1905 (eLaval : fL. Barnéoud) a2 v. : bil. ; c25 cm.1 aEncyclopédie industrielle1 aDaubrés, M.0 aEncyclopédie industrielle aES-MaACLjA-106-07